Kereti u-feleti : (Record no. 32411)

MARC details
000 -LEADER
fixed length control field 00825cam a22002411 4500
001 - CONTROL NUMBER
control field he 67001064
003 - CONTROL NUMBER IDENTIFIER
control field DLC
005 - DATE AND TIME OF LATEST TRANSACTION
control field 20260227111447.0
008 - FIXED-LENGTH DATA ELEMENTS--GENERAL INFORMATION
fixed length control field 830721s1963 is 000 0 heb
010 ## - LIBRARY OF CONGRESS CONTROL NUMBER
LC control number he 67001064
035 ## - SYSTEM CONTROL NUMBER
System control number (OCoLC)19144666
040 ## - CATALOGING SOURCE
Original cataloging agency DLC
Transcribing agency MH
Modifying agency DLC
042 ## - AUTHENTICATION CODE
Authentication code premarc
050 00 - LIBRARY OF CONGRESS CALL NUMBER
Classification number BM520.88.A55
Item number E9 1878a
100 1# - MAIN ENTRY--PERSONAL NAME
Personal name Eybeschuetz, Jonathan,
Dates associated with a name -1764.
245 10 - TITLE STATEMENT
Title Kereti u-feleti :
Remainder of title ʻal Shulḥan ʻarukh Yoreh deʻah.
260 ## - PUBLICATION, DISTRIBUTION, ETC.
Place of publication, distribution, etc. Tel Aviv ;
-- New York :
Name of publisher, distributor, etc. Mekhon Rabenu Yosef Neḥemyah Ḳornitser,
Date of publication, distribution, etc. 724 [1963 or 1964]
300 ## - PHYSICAL DESCRIPTION
Extent 2 v. in 1 ;
Dimensions 32 cm.
500 ## - GENERAL NOTE
General note Photo-offset of Warsaw, 1878 ed.
600 10 - SUBJECT ADDED ENTRY--PERSONAL NAME
Personal name Karo, Joseph ben Ephraim,
Dates associated with a name 1488-1575.
Title of a work Shulḥan ʻarukh.
Name of part/section of a work Yoreh deʻah
General subdivision Commentaries.
752 ## - ADDED ENTRY--HIERARCHICAL PLACE NAME
Country or larger entity United States
First-order political jurisdiction New York
City New York
752 ## - ADDED ENTRY--HIERARCHICAL PLACE NAME
Country or larger entity Israel
City Tel Aviv

No items available.

Powered by Koha